Refinement of a Combination Implement for Dry Seeding and Herbicide Application in Rice (Record no. 14911)
[ view plain ]
| 000 -LEADER | |
|---|---|
| fixed length control field | 00754nam a22001817a 4500 |
| 003 - CONTROL NUMBER IDENTIFIER | |
| control field | OSt |
| 088 ## - REPORT NUMBER | |
| Report number | P 380 |
| 100 ## - MAIN ENTRY--AUTHOR NAME | |
| Personal name | ATHIRA THANKACHAN |
| -- | INDU THULASEEDHARAN |
| -- | SHIBINA K.V |
| 245 ## - TITLE STATEMENT | |
| Title | Refinement of a Combination Implement for Dry Seeding and Herbicide Application in Rice |
| 260 ## - PUBLICATION, DISTRIBUTION, ETC. (IMPRINT) | |
| Place of publication | Tavanur 2017 |
| Name of publisher | DEPARTMENT OF FARM POWER, MACHINERY AND ENERGY |
| 300 ## - PHYSICAL DESCRIPTION | |
| Number of Pages | 63 |
| 500 ## - GENERAL NOTE | |
| General note | Refinement of a Combination Implement for Dry Seeding and Herbicide Application in Rice |
| 520 ## - SUMMARY, ETC. | |
| Summary, etc | Refinement of a Combination Implement for Dry Seeding and Herbicide Application in Rice |
| 700 ## - ADDED ENTRY--PERSONAL NAME | |
| Personal name | Dr. Shaji James P (Guide) |
| 856 ## - ELECTRONIC LOCATION AND ACCESS | |
| Uniform Resource Identifier | https://drive.google.com/open?id=1e7NxDwOzQ3v7sFODtYeO6TpH-Fqw6dvb |
| 942 ## - ADDED ENTRY ELEMENTS (KOHA) | |
| Koha item type | Project Report |
| Collection code | Home library | Current library | Shelving location | Full call number | Accession Number | Koha item type |
|---|---|---|---|---|---|---|
| Reference | KAUAET | KAUAET | Reference | 631.3 ATH/RE | P 380 | Project Report |
